[Event "MTO"]
[Site "Biel SUI"]
[Date "2004.07.27"]
[Round "8"]
[White "Ulibin,M"]
[Black "Tischbierek,R"]
[Result "1/2-1/2"]
[WhiteElo "2586"]
[BlackElo "2468"]

1.d4 Nf6 2.c4 e6 3.Nc3 Bb4 4.f3 d5 5.a3 Bxc3+ 6.bxc3 c5 7.cxd5 Nxd5 8.dxc5 Qa5
9.e4 Nf6 10.Be3 O-O 11.Kf2 Nfd7 12.Rb1 Rd8 13.Qb3 Qc7 14.Rd1 Rf8 15.Qb4 Nc6
16.Qa4 Na5 17.Qb4 Nc6 18.Qa4 Na5 19.Qb5 a6 20.Qb4 Nc6 21.Qa4 Na5 22.Nh3 Nxc5
23.Qb4 b6 24.Rb1 Nd7 25.Bxb6 Nxb6 26.Qxb6 Qxc3 27.Be2 Nc6 28.Rhc1 Qd4+ 29.Ke1 Qxb6
30.Rxb6 Nd4 31.Bc4 Ra7 32.Nf2 Rb7 33.Rxb7 Bxb7 34.Nd3 Rc8 35.Kd2 Kf8 36.Ke3 Nc6
37.Ba2 Ke7 38.Nc5 Na5 39.Kd2 Rc7 40.Rc3 Bc8 41.f4 f6 42.e5 fxe5 43.fxe5 Nc6
44.Nd3 Bd7 45.Nb4 a5 46.Nxc6+ Rxc6 47.Bb1 h6 48.Be4 Rb6 49.Rc5 Rb5 50.Rxb5 Bxb5
51.g3 Kd7 52.Kc3 Bc6 53.Bd3 Bd5 54.Bb5+ Kc7 55.Kd4 Kb6 56.Bd7 Ba2 57.h4 Bd5
58.Ba4 Ba2 59.Be8 Bb3 60.Bd7 Bd5 61.Be8  1/2-1/2

[Event "Politiken Cup"]
[Site "Copenhagen DEN"]
[Date "2004.07.27"]
[Round "5"]
[White "Svendsen,M"]
[Black "Agustsson,H"]
[Result "1-0"]
[WhiteElo "2151"]
[BlackElo "1957"]

1.d4 Nf6 2.c4 e6 3.Nc3 Bb4 4.f3 Nh5 5.Nh3 c5 6.d5 Qh4+ 7.Nf2 Qxc4 8.e4 Bxc3+
9.bxc3 Qxc3+ 10.Bd2 Qd4 11.Qc1 exd5 12.Bc3 Qa4 13.exd5 O-O 14.Qg5 Qc2 15.Ne4 f5
16.Rc1 h6 17.Qe3 Qxa2 18.Nd6 b6 19.Ra1 Qc2 20.Rg1 f4 21.Qe5 Ba6 22.g4 fxg3
23.Rxg3 Nf6 24.Ne4 Bxf1 25.Nxf6+ Kh8 26.Kxf1 Qxh2 27.Rxg7 Qh1+ 28.Ke2  1-0

[Event "Open"]
[Site "Kavala GRE"]
[Date "2004.08.01"]
[Round "2"]
[White "Dekker,Bar"]
[Black "Parligras,M"]
[Result "0-1"]
[WhiteElo "2156"]
[BlackElo "2564"]

1.d4 Nf6 2.c4 e6 3.Nc3 Bb4 4.f3 d5 5.a3 Bxc3+ 6.bxc3 c5 7.cxd5 Nxd5 8.dxc5 Qa5
9.e4 Nc7 10.Qd4 f6 11.Qb4 Nc6 12.Qxa5 Nxa5 13.Rb1 e5 14.f4 exf4 15.Bxf4 Ne6
16.Bd6 Bd7 17.Nf3 Rc8 18.Nd2 Nxc5 19.Rb4 b6 20.Be2 Ncb7 21.e5 Nxd6 22.exd6 Rxc3
23.Re4+ Kd8 24.O-O Rxa3 25.Rc1 Ra2 26.Nf1 Bc6 27.Re7 Re8 28.Rxe8+ Kxe8 29.Ng3 Kd7
30.Rd1 g6 31.Bg4+ f5 32.Bh3 Nb3 33.Nxf5 gxf5 34.Bxf5+ Kd8 35.g4 Rg2+ 36.Kf1 Nd2+  0-1

[Event "54th ch-HUN"]
[Site "Budapest HUN"]
[Date "2004.08.20"]
[Round "2"]
[White "Berkes,F"]
[Black "Cao,S"]
[Result "1-0"]
[WhiteElo "2614"]
[BlackElo "2545"]

1.d4 Nf6 2.c4 e6 3.Nc3 Bb4 4.f3 c5 5.d5 b5 6.e4 bxc4 7.Bxc4 Nxd5 8.Bxd5 exd5
9.Qxd5 Nc6 10.Ne2 Ba6 11.Kf2 O-O 12.Rd1 Ba5 13.Bg5 Qb6 14.Be3 Rfb8 15.Bxc5 Qxb2
16.Rab1 Bxc3 17.Rxb2 Rxb2 18.Rd3 Bxd3 19.Qxd3 Bf6 20.f4 Nb4 21.Bxb4 Rxb4
22.Kf3 Rb2 23.e5 Bd8 24.f5 Bb6 25.f6 gxf6 26.exf6 Re8 27.Qxd7 Re3+ 28.Kf4 Rb4+
29.Kf5 Rbe4 30.Nf4 Re5+ 31.Kg4 R3e4 32.Kh3 h5 33.Ng6 Re6 34.Qc8+ Re8 35.Qf5 Bd8
36.Qg5 Bxf6 37.Ne7+ Kh7 38.Qxh5+ Kg7 39.Nf5+ Kg8 40.Nh6+ Kg7 41.Qxf7+ Kxh6
42.Qxf6+ Kh7 43.Qf7+ Kh6 44.g4 Re2 45.Qf6+ Kh7 46.g5 R8e7 47.Kg4 Rg2+ 48.Kf3 Rge2
49.h4 R2e6 50.Qf5+ Kg8 51.Qd5 Kg7 52.Kf4 Re1 53.Qd4+ Kg8 54.h5 Rf7+ 55.Kg4 Rfe7
56.Qd5+ Kf8 57.h6 R1e5 58.Qd8+ Kf7 59.h7  1-0

[Event "54th ch-HUN"]
[Site "Budapest HUN"]
[Date "2004.08.23"]
[Round "5"]
[White "Acs,P"]
[Black "Almasi,Z"]
[Result "1/2-1/2"]
[WhiteElo "2545"]
[BlackElo "2644"]

1.d4 Nf6 2.c4 e6 3.Nc3 Bb4 4.f3 O-O 5.a3 Bxc3+ 6.bxc3 Ne8 7.e4 b6 8.Bd3 Ba6
9.f4 Nc6 10.Nf3 Na5 11.Qe2 c5 12.d5 f5 13.e5 d6 14.O-O Nc7 15.Rd1 Qe7 16.Be3 Bb7
17.Bf2 Rae8 18.Bh4 Qd7 19.exd6 Qxd6 20.Qe5 Qxe5 21.Nxe5 exd5 22.Nd7 Rf7 23.Ne5 Rff8
24.Nd7 dxc4 25.Bf1 Nd5 26.Nxf8 Kxf8 27.Re1 Re4 28.Rxe4 fxe4 29.f5 Bc6 30.g4 Nb3
31.Rd1 b5 32.Bg2 Nxc3 33.Rd8+ Kf7 34.Rc8 Ne2+ 35.Kf2 Ned4 36.Rc7+ Kg8 37.Rc8+ Kf7
38.Rc7+ Kg8 39.Rc8+ Kf7  1/2-1/2

[Event "It"]
[Site "Pune IND"]
[Date "2004.09.07"]
[Round "5"]
[White "Beliavsky,A"]
[Black "Kunte,A"]
[Result "1/2-1/2"]
[WhiteElo "2679"]
[BlackElo "2532"]

1.d4 Nf6 2.c4 e6 3.Nc3 Bb4 4.f3 d5 5.a3 Bxc3+ 6.bxc3 c5 7.cxd5 Nxd5 8.dxc5 Nd7
9.e4 Ne7 10.Be3 O-O 11.Bb5 Qa5 12.Qb3 Qc7 13.Bxd7 Bxd7 14.Ne2 e5 15.Rb1 Rab8
16.O-O Nc6 17.Rfd1 Be6 18.c4 Na5 19.Qb4 Nxc4 20.Bf2 Qc6 21.Ng3 g6 22.Nf1 Rfd8
23.Rxd8+ Rxd8 24.Qxb7 Qxb7 25.Rxb7 Rd1 26.Bh4 Nd2 27.Kf2 Rxf1+ 28.Ke2 Rb1
29.c6 Nb3 30.Bf6 Nd4+  1/2-1/2

[Event "IMB Classic"]
[Site "Gausdal NOR"]
[Date "2004.09.24"]
[Round "2"]
[White "Glenne,BE"]
[Black "Pedersen,Ch"]
[Result "0-1"]
[WhiteElo "2213"]
[BlackElo "2357"]

1.d4 Nf6 2.c4 e6 3.Nc3 Bb4 4.f3 c5 5.d5 Bxc3+ 6.bxc3 d6 7.Bg5 e5 8.e3 h6
9.Bh4 Nbd7 10.Bd3 Qe7 11.e4 Nf8 12.Bf2 g5 13.h3 Ng6 14.g3 h5 15.Qd2 h4 16.Qxg5 Nxd5
17.gxh4 Ndf4 18.Qxe7+ Kxe7 19.Bf1 Be6 20.O-O-O Nxh4 21.Rd2 b6 22.Be3 Rag8
23.Rdh2 Nh5 24.Rf2 Ng3 25.Rhh2 Nxf1 26.Rxf1 Bxc4 27.Rd1 Ng2 28.Bf2 Nf4 29.Be3 Ng2
30.Bf2 Bxa2 31.Rxg2 Rxg2 32.Rd2 Rhg8 33.Rxa2 Rxf2  0-1

[Event "ZAZ Cup"]
[Site "Zaporozhye UKR"]
[Date "2004.09.25"]
[Round "8"]
[White "Derjabin,I"]
[Black "Rogovski,V"]
[Result "0-1"]
[WhiteElo "2428"]
[BlackElo "2486"]

1.d4 Nf6 2.c4 e6 3.Nc3 Bb4 4.f3 Nh5 5.Be3 f5 6.a3 Bxc3+ 7.bxc3 O-O 8.Bf2 d6
9.e3 Nc6 10.Bd3 e5 11.Ne2 e4 12.fxe4 fxe4 13.Bc2 Qg5 14.O-O Bf5 15.Kh1 Rae8
16.Qd2 Na5 17.Ng3 Bg6 18.Nxh5 Qxh5 19.Bg3 Nxc4 20.Bb3 Bf7 21.Bxc4 Bxc4 22.Rf4 Rxf4
23.Bxf4 Rf8 24.h3 g5 25.Bg3 Qf7 26.Kh2 Qf5 27.Rg1 Rf6 28.Qe1 Be6 29.h4 Qg4
30.Rf1 Rxf1 31.Qxf1 gxh4 32.Bf4 a6 33.Qf2 Kg7 34.a4 h3 35.gxh3 Qxh3+ 36.Kg1 a5
37.Qg3+ Qxg3+ 38.Bxg3 Kf7 39.Be1 b6 40.Kf2 Bb3 41.Kg3 Bxa4 42.Kf4 Bc2 43.Bd2 a4
44.Bc1 b5 45.Kf5 h5  0-1

[Event "Monarch Assurance"]
[Site "Port Erin IOM"]
[Date "2004.09.29"]
[Round "5"]
[White "Volkov,S1"]
[Black "Pavlovic,Mi"]
[Result "1/2-1/2"]
[WhiteElo "2625"]
[BlackElo "2498"]

1.d4 Nf6 2.c4 e6 3.Nc3 Bb4 4.f3 d5 5.a3 Bxc3+ 6.bxc3 c5 7.cxd5 Nxd5 8.dxc5 Qa5
9.e4 Ne7 10.Be3 O-O 11.Rb1 Rd8 12.Qb3 Na6 13.Nh3 Nxc5 14.Qb4 Qxb4 15.axb4 Na4
16.Ra1 Bd7 17.c4 a6 18.Nf4 b5 19.Kf2 Rac8 20.Rc1 Be8 21.Be2 Rb8 22.h4 bxc4
23.Rxc4 Nc6 24.Nd3 Nb6 25.Rc5 Na4 26.Rc4 Nb6 27.Rcc1 Nd4 28.Bf1 Na4 29.Rc4 Nb3
30.Rc7 Rbc8 31.Rxc8 Rxc8 32.Nc5 Naxc5 33.bxc5 Nxc5 34.Be2 Bb5 35.Rc1 Nd3+
36.Bxd3 Rxc1 37.Bxb5 Rc2+ 38.Be2 a5 39.Ke1 a4 40.Kd1 Rb2 41.Bc5 Ra2 42.Bd4 h5
43.g3 Ra3 44.Kc2 Ra2+ 45.Kd3 Ra3+ 46.Bc3 Ra2 47.Bd1 Rg2 48.Bxa4 Rxg3 49.Ke3 Rg1
50.Kf2 Rb1 51.Ke2 Kh7 52.Bd1 Rb5 53.Ke3 e5 54.f4 exf4+ 55.Kxf4 f6 56.Be2 Rc5
57.Bb4 Re5 58.Bc4 Kh6 59.Bd5 Re8 60.Bf7 Re5 61.Bd2 Kh7 62.Be3 Rb5 63.Bd4 Ra5
64.Be6 Ra4 65.Be3 Rb4 66.Bd7 g6 67.Kf3 Kg7 68.Be6 Rb1 69.Bd5 Rd1 70.Bc4 Ra1
71.Ke2 Ra5 72.Bd5 f5 73.Kd3 fxe4+ 74.Kd4 Kf6 75.Bg5+ Kf5 76.Bxe4+ Kg4 77.Bxg6 Rxg5
78.hxg5 Kxg5 79.Bxh5 Kxh5  1/2-1/2

[Event "Tatry Open"]
[Site "Tatranske Zruby SVK"]
[Date "2004.10.01"]
[Round "8"]
[White "Kantorik,M"]
[Black "Matejov,J"]
[Result "0-1"]
[WhiteElo "2331"]
[BlackElo "2199"]

1.d4 Nf6 2.c4 e6 3.Nc3 Bb4 4.f3 d5 5.a3 Bxc3+ 6.bxc3 O-O 7.e3 c6 8.Bd3 Nbd7
9.Ne2 e5 10.O-O e4 11.fxe4 dxe4 12.Bc2 Nb6 13.c5 Nc4 14.h3 Nd5 15.Bxe4 Ncxe3
16.Bxh7+ Kh8 17.Bxe3 Nxe3 18.Qd3 Nxf1 19.Rxf1 g6 20.Qc4 Be6 21.d5 Bxd5 22.Qd4+ Kxh7
23.Rf4 f6 24.Rh4+ Kg7 25.Nf4 Bf7 26.Qe3 Rh8 27.Rg4  0-1

[Event "FSGM October"]
[Site "Budapest HUN"]
[Date "2004.10.08"]
[Round "7"]
[White "Paschall,W"]
[Black "Banusz,T"]
[Result "1/2-1/2"]
[WhiteElo "2389"]
[BlackElo "2389"]

1.c4 Nf6 2.d4 e6 3.Nc3 Bb4 4.f3 d5 5.a3 Bxc3+ 6.bxc3 c5 7.cxd5 exd5 8.e3 O-O
9.Bd3 Re8 10.Ne2 Qc7 11.O-O b6 12.Ng3 Bb7 13.Ra2 Nc6 14.Re2 Rad8 15.Bb2 Qc8
16.Bf5 Qc7 17.Rfe1 Ba6 18.Bd3 Bxd3 19.Qxd3 Qd7 20.Rd1 Na5 21.e4 Qc6 22.e5 Nd7
23.f4 Rc8 24.Nf5 Nc4 25.Bc1 Nf8 26.Rf1 Qd7 27.g4 Kh8 28.Qh3 f6 29.Rg2 Qf7
30.g5 fxe5 31.fxe5 Qe6 32.Qg3 Qg8 33.g6 Nxg6 34.h4 cxd4 35.cxd4 Ne7 36.Nxg7 Rf8
37.Rxf8 Qxf8 38.Bg5 Ng8 39.Nh5 Qf7 40.e6 Qg6 41.Nf4 Qg7 42.Nxd5 Qxd4+ 43.Kh2 Qe5
44.e7 Qxg3+ 45.Rxg3 Kg7 46.Nc7 Nxe7 47.Bxe7+ Kf7 48.Nd5 Ke6 49.Rd3 Ne5 50.Rd1 Rg8
51.Bg5 Nf3+ 52.Kg3 Nxg5 53.Nf4+ Ke7 54.hxg5 Rxg5+ 55.Kf3 Rc5 56.Ke4 Rc4+
57.Ke5 Rc5+ 58.Nd5+ Kd7 59.Kd4 Kc6 60.Nc3 Rg5 61.Rh1 h5 62.Ne4 Rd5+ 63.Kc3 Kb5
64.Kb3 Re5 65.Rh4 Kc6 66.a4 Rf5 67.Nc3 a6 68.Rc4+ Kb7 69.Re4 Rf6 70.Re7+ Kc6
71.Rh7 Rf5 72.Rh6+ Kc5 73.Ne4+ Kd4 74.Nc3 Kc5 75.Rh8 Kc6 76.Kb4 Rf4+ 77.Kb3 Rf5
78.Ne2 Re5 79.Nd4+ Kc5 80.Nc2 Rg5 81.Rc8+ Kd6 82.Nb4 a5 83.Nd3 b5 84.axb5 Rxb5+
85.Kc4 Rg5 86.Kd4 Rg4+ 87.Ke3 a4 88.Ra8 h4 89.Ra6+ Kc7 90.Kf3 Rc4 91.Ne5 Rb4
92.Nd3 Rc4 93.Ne5 Rb4 94.Nd3 Rc4 95.Ne5  1/2-1/2

[Event "36th Olympiad"]
[Site "Calvia ESP"]
[Date "2004.10.25"]
[Round "10"]
[White "Bluvshtein,M"]
[Black "Bogdanovski,V"]
[Result "1-0"]
[WhiteElo "2502"]
[BlackElo "2443"]

1.d4 Nf6 2.c4 e6 3.Nc3 Bb4 4.f3 c5 5.d5 d6 6.e4 O-O 7.Bd3 Bxc3+ 8.bxc3 Nbd7
9.dxe6 fxe6 10.f4 b5 11.cxb5 Bb7 12.Qe2 c4 13.Bxc4 d5 14.Bb3 Qa5 15.Qe3 Rac8
16.Ne2 Nc5 17.Bc2 dxe4 18.O-O Rfd8 19.c4 Nd3 20.h3 Nb4 21.Bb1 Rxc4 22.a3 Nbd5
23.Qb3 Rdc8 24.Kh2 a6 25.b6 R4c6 26.Ba2 Rxb6 27.Qg3 Rc2 28.Nd4 Rc3 29.Bd2 e3
30.Bxc3 Qxc3 31.Ne2 Qd2 32.f5 Qxe2 33.fxe6 Kf8 34.Qb8+ Ke7 35.Bxd5 Bxd5 36.Qc7+ Kxe6
37.Qxb6+ Ke7 38.Qc7+ Ke6 39.Qg3  1-0

[Event "36th Olympiad"]
[Site "Calvia ESP"]
[Date "2004.10.28"]
[Round "13"]
[White "Bluvshtein,M"]
[Black "Dydyshko,V"]
[Result "1-0"]
[WhiteElo "2502"]
[BlackElo "2581"]

1.d4 Nf6 2.c4 e6 3.Nc3 Bb4 4.f3 O-O 5.e4 d5 6.e5 Nfd7 7.cxd5 exd5 8.a3 Bxc3+
9.bxc3 f6 10.exf6 Qxf6 11.Bd3 Qh4+ 12.g3 Qh5 13.Bf4 c5 14.g4 Qe8+ 15.Qe2 Nc6
16.Bd6 Qxe2+ 17.Bxe2 Re8 18.dxc5 b6 19.cxb6 Nxb6 20.Kf2 Bb7 21.Bb5 Re6 22.Bc5 Nc4
23.Rb1 N6e5 24.Bxc4 dxc4 25.Rxb7 Nd3+ 26.Kg3 Nxc5 27.Rc7 Re5 28.Nh3 Rf8 29.Rd1 Nd3
30.Rb1 Re3 31.Ng5 Re5 32.Ne4 Re6 33.h4 Rb6 34.Rxb6 axb6 35.Nd6 Nf4 36.Rxc4 Nd5
37.Rc6 Ra8 38.c4 Ne7 39.Rxb6 h5 40.Rb7 Nc6 41.Rc7 Ra6 42.Nf5 Ne5 43.Kf4 Nf7
44.g5 g6 45.Rc6 Rxc6 46.Ne7+ Kf8 47.Nxc6 Nd6 48.Ne5  1-0

[Event "8th OIBM"]
[Site "Bad Wiessee GER"]
[Date "2004.11.05"]
[Round "7"]
[White "Volkov,S1"]
[Black "Ramesh,R"]
[Result "1-0"]
[WhiteElo "2628"]
[BlackElo "2465"]

1.d4 Nf6 2.c4 e6 3.Nc3 Bb4 4.f3 O-O 5.a3 Bxc3+ 6.bxc3 Ne8 7.e4 b6 8.Bd3 Ba6
9.Nh3 c5 10.d5 Nd6 11.Qe2 Qh4+ 12.Nf2 exd5 13.g3 Qe7 14.cxd5 Bxd3 15.Nxd3 c4
16.Nf2 Na6 17.Bf4 Nc5 18.Bxd6 Qxd6 19.Qxc4 f5 20.O-O Rac8 21.Qb4 fxe4 22.Nxe4 Qxd5
23.Rad1 Qe6 24.Rd6 Qe5 25.Qc4+ Kh8 26.Rd5 Nxe4 27.Qxc8 Rxc8 28.Rxe5 Nxc3
29.Re7 d5 30.Rfe1 h6 31.Rxa7 d4 32.Rd7 Rc4 33.f4 Nb5 34.f5  1-0

[Event "TCh-SWE Elitserien 2004-5"]
[Site "Skara SWE"]
[Date "2004.11.06"]
[Round "2"]
[White "Hellborg,T"]
[Black "Thornert,H"]
[Result "1-0"]
[WhiteElo "2240"]
[BlackElo "2205"]

1.d4 Nf6 2.c4 e6 3.Nc3 Bb4 4.f3 c5 5.d5 Bxc3+ 6.bxc3 d6 7.e4 e5 8.Bd3 Nh5
9.Ne2 Qh4+ 10.g3 Qe7 11.O-O Nd7 12.Kh1 g5 13.Ng1 Ng7 14.Qd2 f6 15.Qg2 Nf8
16.f4 Ng6 17.f5 Nf8 18.Rb1 Nd7 19.Rf2 h5 20.Nf3 Kd8 21.Rfb2 Ne8 22.Qe2 Nc7
23.Bc2 Na6 24.Be3 Kc7 25.a4 Nab8 26.a5 Nf8 27.Ba4 Nbd7 28.Rb3 Rb8 29.Qb2 Rg8
30.Ne1 g4 31.Nd3 Nh7 32.Bxd7 Kxd7 33.Qa3 Ke8 34.Kg2 Ng5 35.Bxg5 Rxg5 36.Qc1 Qh7
37.Qe1 Qc7 38.Kg1 Rg8 39.Ra3 Qh7 40.Qf2 h4 41.Ra2 hxg3 42.Qxg3 Rg5 43.Rg2 b6
44.Nf2 Ke7 45.Nxg4 Rh5 46.Qd3 Bd7 47.axb6 axb6 48.Nf2 Rh8 49.h3 Rg8 50.Rxb6 Rhg5
51.Ng4 Rh8 52.Rg3 Qg7 53.Kg2 Ra8 54.Qb1 Qg8 55.Kh2 Qd8 56.Rg2 Qh8 57.Rb7 Rd8
58.Qd1 Qh4 59.Rg3 Ra8 60.Rb2  1-0

[Event "WYb16"]
[Site "Heraklio GRE"]
[Date "2004.11.12"]
[Round "10"]
[White "Moranda,W"]
[Black "Manukian,G"]
[Result "1/2-1/2"]
[WhiteElo "2458"]
[BlackElo "2198"]

1.d4 Nf6 2.c4 e6 3.Nc3 Bb4 4.f3 d5 5.a3 Bxc3+ 6.bxc3 O-O 7.cxd5 exd5 8.e3 Bf5
9.Ne2 c6 10.g4 Be6 11.Ng3 Ne8 12.Bd3 Nd6 13.Qc2 Qh4 14.O-O Nd7 15.a4 c5 16.Ba3 Rac8
17.Rae1 Rc6 18.Qf2 cxd4 19.cxd4 Rfc8 20.e4 dxe4 21.fxe4 Rc3 22.Bxd6 Rxd3
23.d5 Bxg4 24.Qxf7+ Kh8 25.Rc1 Ra8 26.Rc2 Qg5 27.Rcf2 h5 28.Be7 Qe5 29.Nf5 Rg8
30.Bd6 Qxe4 31.Qxd7 Rxd5 32.Rf4 Bxf5 33.Rxf5 Qg4+ 34.Kh1 Rd2 35.Qxb7 Rxd6
36.Qf7 Qe4+ 37.R5f3 Qd5 38.Qxd5 Rxd5 39.Rf7 Ra5 40.R7f5 Rxf5 41.Rxf5 g5 42.h4  1/2-1/2

[Event "British Rapidplay"]
[Site "Halifax ENG"]
[Date "2004.11.13"]
[Round "3"]
[White "Palliser,R"]
[Black "Gormally,D"]
[Result "0-1"]
[WhiteElo "2402"]
[BlackElo "2472"]

1.d4 Nf6 2.c4 e6 3.Nc3 Bb4 4.f3 d5 5.a3 Bxc3+ 6.bxc3 c5 7.cxd5 Nxd5 8.dxc5 Qa5
9.e4 Ne7 10.Be3 Nd7 11.Qb3 O-O 12.Bb5 Qc7 13.Bxd7 Bxd7 14.Ne2 e5 15.Rb1 Rab8
16.O-O Be6 17.Qb5 Nc6 18.Rfd1 Rfd8 19.c4 Rxd1+ 20.Rxd1 Qa5 21.Qb3 Qa6 22.Rd5 Na5
23.Qb5 Nxc4 24.Qxa6 bxa6 25.Rd3 f6 26.Kf2 a5 27.f4 g6 28.Rc3 a4 29.f5 Bf7
30.Rd3 Kf8 31.c6 Rc8 32.Rd7 Rxc6 33.Bh6+ Ke8 34.Rxa7 Nd6 35.Rxa4 Rc2 36.Ra8+ Kd7
37.Ra7+ Kc6 38.Ra6+ Kc7 39.Ra7+ Kc8 40.Ra8+ Kb7 41.Rh8 gxf5 42.Rxh7 Kc6 43.Ke3 fxe4
44.Ng3 Bd5  0-1

[Event "British Rapidplay"]
[Site "Halifax ENG"]
[Date "2004.11.14"]
[Round "7"]
[White "Palliser,R"]
[Black "Large,P"]
[Result "1/2-1/2"]
[WhiteElo "2402"]
[BlackElo "2335"]

1.d4 e6 2.c4 Nf6 3.Nc3 Bb4 4.f3 d5 5.a3 Bxc3+ 6.bxc3 c5 7.cxd5 Nxd5 8.dxc5 Qa5
9.e4 Ne7 10.Be3 O-O 11.Qb3 Qc7 12.Bb5 e5 13.Ne2 Be6 14.Qa4 Nec6 15.O-O a6
16.Bd3 Rd8 17.Rfd1 Nd7 18.Rab1 Na5 19.Qb4 Rab8 20.c4 Rdc8 21.Nc3 Nxc5 22.Be2 Nd7
23.Nd5 Bxd5 24.cxd5 Nc4 25.Bxc4 Qxc4 26.Qxc4 Rxc4 27.Ba7 Rd8 28.Rxb7 Kf8
29.Bb6 Nxb6 30.Rxb6 Ra4 31.Rc1 Ke7 32.Rcc6 Rxa3 33.Rxa6 Rxa6 34.Rxa6  1/2-1/2

[Event "ch-CRO"]
[Site "Zagreb CRO"]
[Date "2004.11.16"]
[Round "1"]
[White "Cebalo,M"]
[Black "Brkic,A"]
[Result "1/2-1/2"]
[WhiteElo "2520"]
[BlackElo "2454"]

1.d4 Nf6 2.c4 e6 3.Nc3 Bb4 4.f3 d5 5.a3 Bxc3+ 6.bxc3 O-O 7.cxd5 exd5 8.e3 b6
9.Bd3 Ba6 10.Ne2 Re8 11.O-O c5 12.Ng3 Qd7 13.Ra2 Bxd3 14.Qxd3 Nc6 15.Re2 h5
16.Bb2 cxd4 17.cxd4 Rad8 18.Ree1 h4 19.Nh1 Nh5 20.Nf2 f5 21.Rd1 Nf6 22.Rfe1 Na5
23.Bc1 Nb7 24.e4 fxe4 25.fxe4 dxe4 26.Nxe4 Nxe4 27.Rxe4 Rxe4 28.Qxe4 h3 29.gxh3 Qxh3
30.Rf1 Qd7 31.Be3  1/2-1/2

[Event "XLIII WJun"]
[Site "Kochin IND"]
[Date "2004.11.20"]
[Round "1"]
[White "Bhatti,R"]
[Black "Koneru,H"]
[Result "0-1"]
[WhiteElo "2195"]
[BlackElo "2503"]

1.d4 Nf6 2.c4 e6 3.Nc3 Bb4 4.f3 c5 5.d5 exd5 6.cxd5 O-O 7.e4 Re8 8.Ne2 d6
9.Ng3 a6 10.Be2 Qc7 11.O-O Nbd7 12.Nf5 b5 13.g4 Nf8 14.a4 Bxf5 15.gxf5 c4
16.Kh1 Qb6 17.Rg1 Bc5 18.Rg2 N6d7 19.Bh6 Bd4 20.Bxg7 Bxg7 21.Qg1 Ng6 22.fxg6 hxg6
23.Qxb6 Nxb6 24.a5 Nd7 25.h4 Nc5 26.h5 Nb3 27.Rag1 Bd4 28.Rd1 Kg7 29.f4 Be3
30.f5 g5 31.Re1 Bd2 32.Rf1 Bxc3 33.bxc3 f6 34.Bf3 Nxa5 35.Kg1 Nb3 36.Ra2 Kh6
37.Re1 Ra7 38.Kf1 Nc5 39.Ra3 Rg7 40.Ra2 g4 41.Bd1 Rg5 42.Kg2 Rxh5 43.Bxg4 Rg8
44.Kg3 Nd3 45.Rf1 Ne5 46.Rf4 Rhg5 47.Rxa6 Rxg4+ 48.Rxg4 Rxg4+ 49.Kh3 Rxe4
50.Rxd6 Kg5  0-1

[Event "ch-CRO"]
[Site "Zagreb CRO"]
[Date "2004.11.20"]
[Round "5"]
[White "Cebalo,M"]
[Black "Palac,M"]
[Result "0-1"]
[WhiteElo "2520"]
[BlackElo "2543"]

1.d4 Nf6 2.c4 e6 3.Nc3 Bb4 4.f3 O-O 5.a3 Bxc3+ 6.bxc3 Ne8 7.e4 b6 8.a4 Nc6
9.Ba3 d6 10.f4 Ba6 11.Nf3 Na5 12.Nd2 c5 13.Bd3 cxd4 14.cxd4 Qf6 15.Bb2 Qxf4
16.Qe2 Nf6 17.Ra3 Rac8 18.e5 dxe5 19.dxe5 Nd7 20.g3 Qh6 21.O-O Nc5 22.Bb1 Qg5
23.Raf3 Bb7 24.Rf4 Rcd8 25.Bc1 Nc6 26.Rh4 h6 27.Ne4 Nd4 28.Qf2 Qxe5 29.Bf4 Nxe4
30.Qe3 Nf5 31.Bxe5 Nxe3 32.Bxe4 Bxe4  0-1

[Event "TCh-BEL 2004-5"]
[Site "Belgium BEL"]
[Date "2004.11.21"]
[Round "4"]
[White "Piceu,T"]
[Black "Motwani,P"]
[Result "1/2-1/2"]
[WhiteElo "2306"]
[BlackElo "2544"]

1.d4 Nf6 2.c4 e6 3.Nc3 Bb4 4.f3 d5 5.a3 Bxc3+ 6.bxc3 c6 7.Bg5 Qa5 8.Qd2 Nbd7
9.e3 dxc4 10.e4 b5 11.Ne2 Bb7 12.Ng3 O-O-O 13.Qb2 Nb6 14.Qb4 Qxb4 15.axb4 h6
16.Bf4 a6 17.Kd2 Ne8 18.Kc2 Rf8 19.Re1 f5 20.Be5 Nd7 21.exf5 exf5 22.h4 Nxe5
23.Rxe5 Nd6 24.Nh5 Rf7 25.g3 Re8 26.Bh3 Kd8 27.Rhe1 Bc8 28.Kd2 g5 29.Bg2 Rg8
30.Rh1 f4 31.hxg5 hxg5 32.gxf4 gxf4 33.Bh3 Bxh3 34.Rxh3 Nf5 35.Nxf4 Nxd4
36.cxd4 Rxf4 37.Ke3 Rgf8 38.Re4 R4f6 39.f4 R8f7 40.Rh4 Rg7 41.Re5 Rg3+ 42.Ke4 c3
43.Rc5 Re6+ 44.Kf5 Rd6 45.Ke5 Rd7 46.Rxc6 Re3+ 47.Kf5 Rd5+ 48.Kg4 Rxd4 49.Rh8+ Re8
50.Rhh6 Rg8+ 51.Kf3 Rf8 52.Rhd6+  1/2-1/2

[Event "17th Belgrade Trophy"]
[Site "Obrenovac SCG"]
[Date "2004.11.23"]
[Round "2"]
[White "Spiric,I"]
[Black "Nanu,C"]
[Result "0-1"]
[WhiteElo "2293"]
[BlackElo "2459"]

1.d4 Nf6 2.c4 e6 3.Nc3 Bb4 4.f3 c5 5.d5 b5 6.e4 bxc4 7.Bxc4 exd5 8.Bxd5 Nxd5
9.Qxd5 Nc6 10.Bf4 O-O 11.Bd6 Re8 12.Ne2 Ba6 13.Kf2 Qf6 14.a3 Ba5 15.b4 cxb4
16.axb4 Bb6+ 17.Bc5 Nxb4 18.Bxb6 Nxd5 19.Nxd5 Qb2 20.Rxa6 axb6 21.Rxb6 Qd2
22.Rd6 Qa5 23.Rxd7 Qc5+ 24.Kg3 Ra2 25.Rc1 Qb5 26.Re7 Rxe7 27.Nxe7+ Kf8 28.Nd5 Qb8+
29.Kf2 g6 30.Nc3 Rb2 31.g3 Qb6+ 32.Ke1 Qe3 33.f4 Qf3 34.Rd1 Rc2 35.Rd8+ Kg7
36.Rc8 Qh1+ 37.Kf2 Qxh2+ 38.Ke3 h5 39.Rc7 Qh3 40.Kf2 h4 41.gxh4 Qxh4+ 42.Ke3 Qh3+
43.Kf2 g5 44.e5 gxf4  0-1

[Event "Lushki B"]
[Site "Serpukhov RUS"]
[Date "2004.11.23"]
[Round "7"]
[White "Simantsev,M"]
[Black "Golovchenko,G"]
[Result "1-0"]
[WhiteElo "2402"]
[BlackElo "2353"]

1.d4 Nf6 2.c4 e6 3.Nc3 Bb4 4.f3 c5 5.d5 b5 6.e4 O-O 7.Nh3 bxc4 8.Bxc4 Nxd5
9.Bxd5 exd5 10.Qxd5 Nc6 11.O-O Ba6 12.Rf2 Nd4 13.Be3 Rc8 14.Nf4 Qc7 15.Qh5 Qa5
16.Ncd5 Kh8 17.Nxb4 Qxb4 18.Nd5 Qc4 19.b3 Ne2+ 20.Kh1 Qd3 21.Re1 Nd4 22.Rd2 Qb5
23.Ne7 Rce8 24.Bxd4 cxd4 25.Qxb5 Bxb5 26.Nf5 d3 27.Nd6 Rb8 28.Nxb5 Rxb5 29.Rxd3 Rb7
30.Rc1 g6 31.Rc5 Kg7 32.Kg1 Kf6 33.Kf2 Ke6 34.Ke3 d6 35.Rc6 Rd8 36.g4 f6
37.h4 h6 38.Rd5 Rdd7 39.h5 g5 40.Kd3 Ke7 41.Ra5 Ke6 42.Rc8 Kf7 43.Rf5 Kg7
44.Re8 Kf7 45.Rh8 Kg7 46.Rc8 Kf7 47.Rd5 Rb6 48.Kc3 Ra6 49.a4 Rb6 50.b4 Rdb7
51.b5 Rd7 52.Kb4 Rbb7 53.Rc6 Ke7 54.Ka5 Rd8 55.Ka6 Rbd7 56.a5 Ra8 57.Rd3 Rb8
58.Rdc3 Kd8 59.b6 axb6 60.Rxb6 Ra8+ 61.Kb5 Rda7 62.a6 Kd7 63.Rcc6  1-0

[Event "XLIII WJun"]
[Site "Kochin IND"]
[Date "2004.11.24"]
[Round "8"]
[White "Bhatti,R"]
[Black "Grigorov,G"]
[Result "0-1"]
[WhiteElo "2195"]
[BlackElo "2321"]

1.d4 Nf6 2.c4 e6 3.Nc3 Bb4 4.f3 Nc6 5.Bg5 h6 6.Bh4 e5 7.d5 Nd4 8.a3 Bxc3+
9.bxc3 Nf5 10.Bf2 e4 11.e3 O-O 12.g4 Ne7 13.f4 d6 14.h3 c6 15.dxc6 bxc6 16.Ne2 Ba6
17.Ng3 Qa5 18.Qd2 d5 19.cxd5 cxd5 20.Be2 Bxe2 21.Nxe2 Nd7 22.O-O Nc5 23.Ra2 Qa6
24.Qd4 Rac8 25.Rb1 Nd3 26.c4 Rxc4 27.Qa1 Rfc8 28.Kg2 h5 29.Ng3 hxg4 30.hxg4 Qg6
31.g5 Nf5 32.Nxf5 Qxf5 33.Kg3 d4 34.Rh1 Rc1 35.Rxc1 Rxc1 36.Qxd4 Rh1 37.Qd8+ Kh7
38.g6+  0-1

[Event "ch-CRO"]
[Site "Zagreb CRO"]
[Date "2004.11.24"]
[Round "9"]
[White "Cebalo,M"]
[Black "Jovanic,O"]
[Result "1-0"]
[WhiteElo "2520"]
[BlackElo "2475"]

1.d4 Nf6 2.c4 e6 3.Nc3 Bb4 4.f3 d5 5.a3 Bxc3+ 6.bxc3 c5 7.cxd5 Nxd5 8.dxc5 Qa5
9.e4 Ne7 10.Be3 Nd7 11.Qb3 Nc6 12.Bb5 Qc7 13.Nh3 O-O 14.Nf2 Na5 15.Qb4 Nc6
16.Qa4 Nce5 17.Qd4 Nc6 18.Bxc6 Qxc6 19.O-O b6 20.cxb6 axb6 21.Nd3 Ra5 22.Nb4 Qa8
23.Nc2 Ra4 24.Qd6 Qa5 25.Nb4 Qe5 26.Qxe5 Nxe5 27.Bxb6 Nc4 28.Bc5 Re8 29.Rfd1 f5
30.exf5 e5 31.Nc6 Kf7 32.Rab1 Ra6 33.Nd8+ Kf6 34.Ne6 Rc6 35.Bb4 Bxe6 36.fxe6 Rexe6
37.Rd7 h5 38.Rbd1 Ne3 39.R1d6 Nf5 40.Rxc6 Rxc6 41.a4 g5 42.a5 g4 43.Kf2 gxf3
44.gxf3 Kg5 45.Rd1 Kf4 46.Re1 Ng7 47.Re4+ Kf5 48.Rh4 Kg6 49.Re4 Kf5 50.Ke3 Ne6
51.h4 Nf4 52.c4 Ne6 53.Bc3 Rc5 54.a6 Nc7 55.a7 Na8 56.f4  1-0

[Event "Lushki B"]
[Site "Serpukhov RUS"]
[Date "2004.11.27"]
[Round "12"]
[White "Simantsev,M"]
[Black "Sobyanin,V"]
[Result "1-0"]
[WhiteElo "2402"]
[BlackElo "2277"]

1.d4 Nf6 2.c4 e6 3.Nc3 Bb4 4.f3 d5 5.a3 Bxc3+ 6.bxc3 c5 7.cxd5 Nxd5 8.dxc5 Qa5
9.e4 Ne7 10.Be3 O-O 11.Qb3 Qc7 12.Nh3 e5 13.Nf2 Nec6 14.Be2 Be6 15.Qc2 Nd7
16.O-O Na5 17.Nd3 Rfc8 18.Rfb1 b6 19.Bf2 h6 20.Rb2 Nc4 21.Rb4 bxc5 22.Nxc5 Nxc5
23.Bxc4 a5 24.Rb5 Bxc4 25.Rxc5 Qe7 26.Rxc8+ Rxc8 27.Qa4 Qg5 28.Qxa5 Be2 29.h4 Qg6
30.Qxe5 Bxf3 31.Qg3 Bg4 32.a4 Qxe4 33.a5 Kh7 34.a6 Bd7 35.a7 Bc6 36.Bd4 g6
37.Re1 Qd5 38.Kh2 Rd8 39.Rb1 Bb7 40.Rb2 Re8 41.Qb8 Qe4 42.Qg3 Qd5 43.Rf2 Re4
44.Rf3 Re2 45.Bf2 Qa2 46.Bd4 Qd5 47.Kg1 h5 48.Qf4 Qf5 49.Qxf5 gxf5 50.Rxf5 Rxg2+
51.Kf1 f6 52.Rxh5+ Kg6 53.Ra5 Ba8 54.Ra6 Kh5 55.Rxf6  1-0

[Event "Open"]
[Site "Zadar CRO"]
[Date "2004.12.15"]
[Round "4"]
[White "Martic,Z"]
[Black "Jankovic,A"]
[Result "0-1"]
[WhiteElo "2297"]
[BlackElo "2477"]

1.d4 Nf6 2.c4 e6 3.Nc3 Bb4 4.f3 Nc6 5.a3 Bxc3+ 6.bxc3 b6 7.e4 Ba6 8.e5 Ng8
9.f4 Na5 10.Qg4 g6 11.f5 exf5 12.Qg3 Bxc4 13.Bg5 f6 14.exf6 Nxf6 15.Bxc4 Nxc4
16.Qh4 O-O 17.Nf3 Qe8+ 18.Kf1 Qf7 19.Re1 Nd5 20.Kf2 Rfe8 21.Bf4 Nb2 22.Ng5 Nd3+
23.Kg3 Qg7 24.Be5 Nxe5 25.dxe5 Rxe5 26.Qc4 f4+ 27.Kg4 h5+ 28.Kh4 Rxg5 29.Kxg5 Qf6+
30.Kh6 c6 31.Qd4 Kf7 32.Qxf6+ Kxf6 33.Kh7 Nxc3 34.g3 g5 35.h4 gxh4 36.gxf4 Nd5
37.Rxh4 Kf7 38.Rhh1 Nf6+ 39.Kh6 Rh8+ 40.Kg5 Rg8+ 41.Kf5 Rg3 42.Re5 Rxa3 43.Rhe1 Nd5
44.Kg5 Rg3+ 45.Kxh5 Nf6+ 46.Kh4 Rg4+ 47.Kh3 Rxf4 48.Re7+ Kg6  0-1